Statistics for NBA Top 20 in Points

Click here to take the quiz!

General Stats

  • This quiz has been taken 14 times
  • The average score is 18 of 20

Answer Stats

HintAnswer% Correct
4MILGiannis Antetokounmpo
100%
10LALLeBron James
100%
2ATLTrae Young
100%
3CHIDeMar DeRozan
93%
7PHODevin Booker
93%
12MEMJa Morant
93%
16BOSJaylen Brown
93%
1BOSJayson Tatum
93%
5PHIJoel Embiid
93%
15NYKJulius Randle
93%
8MINKarl-Anthony Towns
93%
6DenNikola Jokić
93%
17OKCShai Gilgeous-Alexander
93%
9GSWStephen Curry
93%
13CHIZach LaVine
93%
18SACDe'Aaron Fox
86%
19BRKKevin Durant
86%
20MINAnthony Edwards
79%
11UTADonovan Mitchell
79%
14CHOMiles Bridges
71%

Score Distribution

Percentile by Number Answered

Percent of People with Each Score

Your Score History

You have not taken this quiz